History Quiz

Random History or Art Quiz

Famous Americans by Mural II Quiz Stats

Quiz Updated Aug 24, 2017

Challenge
Share
Tweet
Score 0/22 Timer 06:00
3 Plays Today
% Correct
Wright Brothers
96.2%
Oprah Winfrey
89.3%
Michael Phelps
86.4%
Malcolm X
81.6%
Ernest Hemingway
79.8%
Dwight D. Eisenhower
79.4%
Paul Revere
77.7%
Betsy Ross
76.5%
Annie Oakley
71.5%
Frederick Douglass
68.2%
Andy Warhol
67.5%
% Correct
Jesse Owens
67.4%
Billy Graham
49.5%
Scott Joplin
47.1%
Clara Barton
46%
Hank Williams
43.6%
Lady Bird Johnson
21.1%
Glenn Miller
20.8%
Marian Anderson
14.2%
John James Audubon
13.2%
Shirley Chisholm
10.6%
Ralph Waldo Emerson
5.8%

You're not logged in!

Compare scores with friends on all Sporcle quizzes.
Join for Free
OR
Log In

You Might Also Like...

Show Comments

Extras

Top Quizzes Today


Score Distribution

Your Account Isn't Verified!

In order to create a playlist on Sporcle, you need to verify the email address you used during registration. Go to your Sporcle Settings to finish the process.

Report this User

Report this user for behavior that violates our Community Guidelines.

Details: